Phillip Noyce từ đường làng tới đại hộ Hollywood
Tìm hiểu về cuộc đời và sự nghiệp làm phim của Phillip Noyce - một trong những đạo diễn thành công nhất trên thế giới
Αποθηκεύτηκε σε:
| Κύριος συγγραφέας: | |
|---|---|
| Μορφή: | Βιβλίο |
| Γλώσσα: | Undetermined |
| Έκδοση: |
Tp. Hồ Chí Minh
Nxb. Tp. Hồ Chí Minh,Công ty Sài Gòn truyền thông
2011
|
| Θέματα: | |
| Ετικέτες: |
Προσθήκη ετικέτας
Δεν υπάρχουν, Καταχωρήστε ετικέτα πρώτοι!
|
| Thư viện lưu trữ: | Trung tâm Học liệu Trường Đại học Cần Thơ |
|---|
| LEADER | 00884nam a2200193Ia 4500 | ||
|---|---|---|---|
| 001 | CTU_194123 | ||
| 008 | 210402s9999 xx 000 0 und d | ||
| 020 | |c 160000 | ||
| 082 | |a 791.4302 | ||
| 082 | |b P513 | ||
| 100 | |a Petzke, Ingo | ||
| 245 | 0 | |a Phillip Noyce từ đường làng tới đại hộ Hollywood | |
| 245 | 0 | |c Ingo Petzke; Minh Phương (dịch ); Trần Anh Hoa (hiệu đính) | |
| 260 | |a Tp. Hồ Chí Minh | ||
| 260 | |b Nxb. Tp. Hồ Chí Minh,Công ty Sài Gòn truyền thông | ||
| 260 | |c 2011 | ||
| 520 | |a Tìm hiểu về cuộc đời và sự nghiệp làm phim của Phillip Noyce - một trong những đạo diễn thành công nhất trên thế giới | ||
| 650 | |a Phillip Noyce (stage director),Đạo diễn Phillip Noyce | ||
| 980 | |a Trung tâm Học liệu Trường Đại học Cần Thơ | ||